Statistics for European country by characteristics

Click here to take the quiz!

General Stats

  • This quiz has been taken 31 times
  • The average score is 15 of 15

Answer Stats

characteristicAnswer% Correct
croissants, Mozart, AlpesAustria
100%
atoms, waffles, European UnionBelgium
100%
Porsche, Checkpoint Charlie, BeerGermany
100%
the Acropolis, the Olympics, CreteGreece
100%
Pizza, Mt. Vesuvius, Leonardo Da VinciItaly
100%
Formula 1, casinos, yachtsMonaco
100%
fjords, Jöstedalsbreen, Winter OlympicsNorway
100%
vodka, the Red Square, Cold WarRussia
100%
Ikea, meatballs northern lightsSweden
100%
chocolate, watches, Roger FedererSwitzerland
100%
iced tea, Big Ben, WimbledonUnited Kingdom
100%
football, Gaudi, Rafael NadalSpain
97%
Škoda, Pilsner Urquell, Old Town SquareCzech Republic
94%
beyond The Wall, geysers, volcanoesIceland
94%
Flee Bottom, Plitvice national park, ModrićCroatia
84%

Score Distribution

Percentile by Number Answered

Percent of People with Each Score

Your Score History

You have not taken this quiz